[Event "HSG Open 2017"]
[Site "Hilversum"]
[Date "2017.06.23"]
[Round "2.8"]
[White "Ephraim, Olaf"]
[Black "Overeem, Marc"]
[Result "0-1"]
[BlackElo "2212"]
[WhiteElo "2009"]
[LiveChessVersion "1.4.8"]

1. d4 {[%clk 1:50:16]} d5 {[%clk 1:49:59]} 2. c4 {[%clk 1:49:53]} e6
{[%clk 1:49:54]} 3. Nc3 {[%clk 1:49:48]} Be7 {[%clk 1:49:51]} 4. Nf3
{[%clk 1:48:16]} Nf6 {[%clk 1:49:50]} 5. Bg5 {[%clk 1:47:41]} h6 {[%clk 1:49:43]}
6. Bh4 {[%clk 1:47:38]} O-O {[%clk 1:49:40]} 7. e3 {[%clk 1:47:37]} b6
{[%clk 1:49:35]} 8. cxd5 {[%clk 1:47:09]} Nxd5 {[%clk 1:49:32]} 9. Bxe7
{[%clk 1:46:33]} Qxe7 {[%clk 1:49:31]} 10. Nxd5 {[%clk 1:45:20]} exd5
{[%clk 1:49:33]} 11. Bd3 {[%clk 1:45:22]} c5 {[%clk 1:46:33]} 12. dxc5
{[%clk 1:45:10]} bxc5 {[%clk 1:46:20]} 13. O-O {[%clk 1:45:07]} Be6
{[%clk 1:44:22]} 14. Bb5 {[%clk 1:40:29]} Qb7 {[%clk 1:37:25]} 15. Qe2
{[%clk 1:31:38]} Nd7 {[%clk 1:35:26]} 16. Bxd7 {[%clk 1:31:17]} Bxd7
{[%clk 1:32:55]} 17. Rfd1 {[%clk 1:29:05]} Rab8 {[%clk 1:27:16]} 18. Rd2
{[%clk 1:26:23]} Be6 {[%clk 1:22:15]} 19. Rc1 {[%clk 1:22:52]} Rfc8
{[%clk 1:21:03]} 20. h3 {[%clk 1:19:25]} a5 {[%clk 1:15:25]} 21. Rdc2
{[%clk 1:09:29]} Qb6 22. Qd1 {[%clk 0:50:26]} Bf5 {[%clk 1:03:37]} 23. Rd2
{[%clk 0:48:28]} Be4 {[%clk 0:57:20]} 24. Ne1 {[%clk 0:34:58]} c4
{[%clk 0:53:50]} 25. Rc3 {[%clk 0:29:46]} Qf6 {[%clk 0:47:33]} 26. f3
{[%clk 0:18:41]} Rxb2 {[%clk 0:39:21]} 27. Rc1 {[%clk 0:17:11]} Bg6
{[%clk 0:34:22]} 28. Rxd5 Rxa2 29. e4 {[%clk 0:11:20]} Qf4 {[%clk 0:24:55]} 30.
Rd8+ {[%clk 0:09:43]} Rxd8 {[%clk 0:24:56]} 31. Qxd8+ Kh7 {[%clk 0:24:44]} 32.
Rxc4 {[%clk 0:09:23]} Qe3+ {[%clk 0:17:59]} 33. Kh2 {[%clk 0:09:23]} Qf4+
{[%clk 0:07:11]} 34. Kg1 {[%clk 0:09:32]} Qe3+ {[%clk 0:05:05]} 35. Kh2
{[%clk 0:09:41]} Re2 {[%clk 0:03:23]} 36. Nd3 {[%clk 0:08:11]} Qd2
{[%clk 0:02:53]} 37. Kg3 {[%clk 0:05:52]} Rxg2+ {[%clk 0:02:00]} 38. Kh4
{[%clk 0:05:54]} Qg5+ {[%clk 0:01:07]} 0-1

[Event "HSG Open 2017"]
[Site "Hilversum"]
[Date "2017.06.23"]
[Round "2.10"]
[White "Hill, Nick"]
[Black "Wunnink, Michael"]
[Result "0-1"]
[BlackElo "2205"]
[WhiteElo "1918"]
[LiveChessVersion "1.4.8"]

1. d4 {[%clk 1:50:14]} Nf6 {[%clk 1:50:09]} 2. Nf3 {[%clk 1:50:05]} d5
{[%clk 1:50:00]} 3. e3 {[%clk 1:49:47]} c5 {[%clk 1:49:11]} 4. c3
{[%clk 1:49:34]} e6 {[%clk 1:44:40]} 5. Bd3 {[%clk 1:48:56]} Nc6 {[%clk 1:40:17]}
6. Nbd2 {[%clk 1:48:32]} Bd6 {[%clk 1:39:14]} 7. O-O {[%clk 1:42:01]} O-O
{[%clk 1:38:25]} 8. b3 {[%clk 1:35:21]} e5 {[%clk 1:31:31]} 9. dxe5
{[%clk 1:35:17]} Nxe5 {[%clk 1:31:35]} 10. Nxe5 {[%clk 1:24:40]} Bxe5
{[%clk 1:31:32]} 11. Bb2 {[%clk 1:23:43]} Re8 {[%clk 1:23:33]} 12. Qc2
{[%clk 1:12:45]} Bc7 {[%clk 1:19:45]} 13. Bf5 {[%clk 1:01:11]} Qd6
{[%clk 1:15:36]} 14. g3 {[%clk 0:59:50]} h5 {[%clk 1:00:07]} 15. Bxc8
{[%clk 0:41:37]} Raxc8 {[%clk 0:59:26]} 16. Qf5 {[%clk 0:39:45]} h4
{[%clk 0:46:22]} 17. Qf4 {[%clk 0:39:00]} hxg3 {[%clk 0:43:58]} 18. hxg3
{[%clk 0:36:43]} Qe6 {[%clk 0:36:16]} 19. Qh4 {[%clk 0:31:03]} Bd8
{[%clk 0:32:23]} 20. Qf4 {[%clk 0:24:33]} Qh3 {[%clk 0:29:12]} 21. Qf3
{[%clk 0:22:33]} Ng4 {[%clk 0:27:15]} 22. Qh1 {[%clk 0:19:24]} Qxh1+
{[%clk 0:26:36]} 23. Kxh1 {[%clk 0:19:30]} Bf6 {[%clk 0:23:29]} 24. Rab1
{[%clk 0:16:39]} d4 {[%clk 0:20:44]} 25. cxd4 {[%clk 0:14:10]} cxd4
{[%clk 0:20:45]} 26. Nc4 {[%clk 0:09:45]} Rcd8 {[%clk 0:08:01]} 27. Bxd4 Bxd4
{[%clk 0:07:43]} 28. exd4 {[%clk 0:09:36]} Rxd4 {[%clk 0:04:19]} 29. f3
{[%clk 0:06:30]} Nf6 {[%clk 0:02:15]} 30. Rbd1 {[%clk 0:06:15]} Rxd1
{[%clk 0:01:30]} 31. Rxd1 {[%clk 0:06:23]} b5 {[%clk 0:01:20]} 32. Nd6
{[%clk 0:04:20]} Rd8 {[%clk 0:00:17]} 33. Rd4 b4 {[%clk 0:00:18]} 34. Nf5
{[%clk 0:04:03]} Rxd4 {[%clk 0:00:19]} 35. Nxd4 {[%clk 0:04:11]} Nd5
{[%clk 0:00:23]} 36. Nc2 {[%clk 0:03:39]} Kf8 {[%clk 0:00:29]} 37. Kg2
{[%clk 0:03:21]} a5 {[%clk 0:00:38]} 38. a3 {[%clk 0:03:30]} a4 {[%clk 0:00:37]}
39. axb4 {[%clk 0:03:20]} axb3 {[%clk 0:00:41]} 40. Na3 {[%clk 0:02:50]} Nc3
{[%clk 0:00:40]} 41. b5 {[%clk 0:02:49]} Ke7 {[%clk 0:00:38]} 42. b6
{[%clk 0:02:03]} Kd7 {[%clk 0:00:47]} 43. Nc4 {[%clk 0:01:41]} Na4
{[%clk 0:00:47]} 44. Nd2 {[%clk 0:01:13]} b2 {[%clk 0:00:55]} 45. Nb1
{[%clk 0:01:22]} Nxb6 {[%clk 0:00:51]} 46. Kf2 {[%clk 0:01:27]} Kc6
{[%clk 0:00:57]} 47. Ke2 {[%clk 0:01:27]} Kc5 {[%clk 0:01:06]} 48. Kd3
{[%clk 0:01:29]} Nd5 {[%clk 0:00:55]} 49. Kc2 {[%clk 0:00:58]} Kd4
{[%clk 0:01:04]} 50. Kd2 {[%clk 0:00:30]} Nb4 {[%clk 0:01:03]} 51. Na3
{[%clk 0:00:13]} Nd3 {[%clk 0:00:35]} 52. Nc2+ Kc4 53. Na3+ Ne5 54. Nb1 Ng4 55.
f4 0-1

[Event "HSG Open 2017"]
[Site "Hilversum"]
[Date "2017.06.23"]
[Round "2.11"]
[White "Duson, Robin"]
[Black "Heemskerk, Wim"]
[Result "1/2-1/2"]
[BlackElo "2191"]
[WhiteElo "1898"]
[LiveChessVersion "1.4.8"]

1. e4 {[%clk 1:50:17]} e6 {[%clk 1:50:15]} 2. d4 {[%clk 1:50:20]} d5
{[%clk 1:50:21]} 3. exd5 {[%clk 1:50:23]} exd5 {[%clk 1:50:25]} 4. Nc3
{[%clk 1:50:17]} Nf6 {[%clk 1:49:20]} 5. Bd3 {[%clk 1:49:09]} c5 {[%clk 1:45:13]}
6. dxc5 {[%clk 1:46:10]} Bxc5 {[%clk 1:44:12]} 7. Nge2 {[%clk 1:42:45]} O-O
{[%clk 1:40:03]} 8. O-O {[%clk 1:40:26]} h6 {[%clk 1:35:06]} 9. a3
{[%clk 1:30:17]} Nc6 {[%clk 1:33:09]} 10. Bf4 {[%clk 1:22:21]} Re8
{[%clk 1:20:00]} 11. Ng3 {[%clk 1:15:14]} Ne5 {[%clk 1:07:50]} 12. Bf5
{[%clk 1:07:53]} Ng6 {[%clk 1:04:32]} 13. Bxg6 {[%clk 1:05:34]} fxg6
{[%clk 1:02:57]} 14. b4 {[%clk 1:02:32]} Bb6 {[%clk 0:52:53]} 15. Na4
{[%clk 0:57:09]} Bc7 {[%clk 0:47:36]} 16. Bxc7 {[%clk 0:56:12]} Qxc7
{[%clk 0:47:44]} 17. Qd3 {[%clk 0:54:58]} Qc6 {[%clk 0:46:06]} 18. Nc5
{[%clk 0:51:15]} Ne4 {[%clk 0:43:33]} 19. Ngxe4 {[%clk 0:36:55]} dxe4
{[%clk 0:42:26]} 20. Qe2 {[%clk 0:33:05]} a5 {[%clk 0:30:43]} 21. Nb3
{[%clk 0:23:07]} axb4 {[%clk 0:30:12]} 22. axb4 {[%clk 0:23:03]} Rxa1
{[%clk 0:29:36]} 23. Rxa1 {[%clk 0:23:00]} Be6 {[%clk 0:24:01]} 24. Nc5
{[%clk 0:17:17]} 1/2-1/2

[Event "HSG Open 2017"]
[Site "Hilversum"]
[Date "2017.06.24"]
[Round "3.1"]
[White "Overeem, Marc"]
[Black "Ducarmon, Quinten"]
[Result "0-1"]
[BlackElo "2470"]
[WhiteElo "2212"]
[LiveChessVersion "1.4.8"]

1. c4 {[%clk 1:50:15]} e5 {[%clk 1:49:22]} 2. Nc3 {[%clk 1:50:07]} Nc6
{[%clk 1:49:27]} 3. Nf3 {[%clk 1:49:45]} Nf6 {[%clk 1:49:26]} 4. d3
{[%clk 1:48:39]} Bb4 {[%clk 1:47:44]} 5. Bd2 {[%clk 1:47:58]} O-O
{[%clk 1:44:34]} 6. e3 {[%clk 1:41:05]} Re8 {[%clk 1:30:55]} 7. Be2
{[%clk 1:40:29]} d5 {[%clk 1:24:32]} 8. cxd5 {[%clk 1:40:03]} Nxd5
{[%clk 1:23:28]} 9. O-O {[%clk 1:38:43]} Nxc3 {[%clk 1:21:15]} 10. bxc3
{[%clk 1:35:06]} Bd6 {[%clk 1:18:51]} 11. e4 {[%clk 1:33:40]} Bc5
{[%clk 1:18:11]} 12. Be3 {[%clk 1:22:54]} Bb6 {[%clk 1:17:35]} 13. Qc2
{[%clk 1:14:43]} Bg4 {[%clk 1:14:57]} 14. h3 {[%clk 1:11:09]} Bh5
{[%clk 1:13:47]} 15. Rad1 {[%clk 1:04:41]} Qd6 {[%clk 1:03:55]} 16. g4
{[%clk 0:59:52]} Bg6 {[%clk 1:03:37]} 17. Nd2 {[%clk 0:58:06]} Qe7
{[%clk 0:54:50]} 18. Nc4 {[%clk 0:56:35]} f6 {[%clk 0:36:14]} 19. Nxb6
{[%clk 0:51:56]} axb6 {[%clk 0:36:23]} 20. f3 {[%clk 0:51:34]} Ra3
{[%clk 0:32:50]} 21. Rd2 {[%clk 0:30:51]} Bf7 {[%clk 0:31:49]} 22. Ra1
{[%clk 0:28:37]} Rea8 {[%clk 0:31:47]} 23. c4 {[%clk 0:27:21]} Nb4
{[%clk 0:27:07]} 24. Qb1 {[%clk 0:25:47]} Bxc4 {[%clk 0:24:40]} 25. dxc4
{[%clk 0:24:43]} Rxe3 {[%clk 0:24:47]} 26. Qd1 {[%clk 0:22:35]} Nc6
{[%clk 0:20:28]} 27. Rd7 {[%clk 0:18:54]} Qc5 {[%clk 0:20:30]} 28. Qd5+
{[%clk 0:17:59]} Qxd5 {[%clk 0:17:59]} 29. cxd5 {[%clk 0:17:43]} Nd4
{[%clk 0:11:32]} 30. Bd1 {[%clk 0:13:10]} Rc3 {[%clk 0:11:41]} 31. d6
{[%clk 0:10:47]} cxd6 {[%clk 0:11:10]} 32. Rxb7 {[%clk 0:10:29]} b5
{[%clk 0:10:32]} 33. a4 {[%clk 0:08:43]} bxa4 {[%clk 0:09:43]} 34. Rxa4
{[%clk 0:08:18]} Rxa4 {[%clk 0:09:16]} 35. Bxa4 {[%clk 0:08:21]} Nxf3+
{[%clk 0:07:16]} 36. Kf2 {[%clk 0:08:09]} Nd4 {[%clk 0:06:36]} 37. Rb8+
{[%clk 0:05:06]} Kf7 {[%clk 0:06:41]} 38. Rb7+ {[%clk 0:04:59]} Kg6
{[%clk 0:05:51]} 39. h4 {[%clk 0:04:31]} Rh3 {[%clk 0:05:27]} 40. Be8+
{[%clk 0:04:05]} Kh6 {[%clk 0:05:36]} 41. g5+ {[%clk 0:03:39]} fxg5
{[%clk 0:05:41]} 42. hxg5+ {[%clk 0:03:41]} Kxg5 {[%clk 0:05:46]} 43. Rxg7+
{[%clk 0:03:32]} Kf4 {[%clk 0:05:27]} 44. Kg2 {[%clk 0:02:05]} Rh4
{[%clk 0:05:24]} 0-1

[Event "HSG Open 2017"]
[Site "Hilversum"]
[Date "2017.06.24"]
[Round "3.2"]
[White "Brink, Barry"]
[Black "Van der Poel, Henk"]
[Result "1-0"]
[BlackElo "2207"]
[WhiteElo "2370"]
[LiveChessVersion "1.4.8"]

1. d4 {[%clk 1:34:17]} Nf6 {[%clk 1:49:59]} 2. c4 {[%clk 1:34:13]} e6
{[%clk 1:49:41]} 3. Nc3 {[%clk 1:34:14]} Bb4 {[%clk 1:49:22]} 4. e3
{[%clk 1:34:11]} b6 {[%clk 1:47:21]} 5. Bd3 {[%clk 1:33:30]} Bb7 {[%clk 1:42:16]}
6. Nf3 {[%clk 1:33:22]} Ne4 {[%clk 1:40:30]} 7. O-O {[%clk 1:32:42]} Bxc3
{[%clk 1:36:01]} 8. bxc3 {[%clk 1:32:20]} O-O {[%clk 1:33:01]} 9. Qc2
{[%clk 1:29:51]} f5 {[%clk 1:32:13]} 10. Nd2 {[%clk 1:27:44]} Qh4
{[%clk 1:27:40]} 11. f3 {[%clk 1:27:17]} Nxd2 {[%clk 1:26:36]} 12. Bxd2
{[%clk 1:27:14]} Nc6 {[%clk 1:24:53]} 13. Be1 {[%clk 1:24:25]} Qh6
{[%clk 1:07:27]} 14. Bf2 {[%clk 1:21:47]} Ba6 {[%clk 0:43:50]} 15. Qa4
{[%clk 1:15:13]} Na5 {[%clk 0:43:51]} 16. Qxd7 {[%clk 1:09:11]} Bxc4
{[%clk 0:43:36]} 17. Bxc4 {[%clk 1:08:23]} Nxc4 {[%clk 0:43:41]} 18. Rfe1
{[%clk 1:05:34]} Rac8 {[%clk 0:38:05]} 19. Qb5 {[%clk 0:59:49]} Nd6
{[%clk 0:36:02]} 20. Qa6 {[%clk 0:58:45]} Qg6 {[%clk 0:32:12]} 21. Bg3
{[%clk 0:43:35]} Qf7 {[%clk 0:31:35]} 22. c4 {[%clk 0:41:56]} Qd7
{[%clk 0:26:50]} 23. c5 {[%clk 0:35:01]} Nb5 {[%clk 0:18:04]} 24. Rac1
{[%clk 0:27:49]} f4 {[%clk 0:14:03]} 25. Bxf4 {[%clk 0:26:52]} Nxd4
{[%clk 0:13:33]} 26. Kh1 {[%clk 0:11:36]} bxc5 {[%clk 0:08:38]} 27. Rxc5
{[%clk 0:10:48]} Nf5 {[%clk 0:07:34]} 28. Qc4 {[%clk 0:09:27]} Nd6
{[%clk 0:07:12]} 29. Qc2 {[%clk 0:09:09]} Ne8 {[%clk 0:03:22]} 30. Rd1
{[%clk 0:08:03]} Qe7 {[%clk 0:03:20]} 31. Bg5 {[%clk 0:07:26]} Nf6
{[%clk 0:03:02]} 32. e4 {[%clk 0:07:21]} Rfd8 {[%clk 0:02:21]} 33. Rc1
{[%clk 0:07:12]} h6 {[%clk 0:02:16]} 34. Bh4 {[%clk 0:06:55]} Qf7
{[%clk 0:01:56]} 35. e5 {[%clk 0:04:08]} Nd5 {[%clk 0:01:40]} 36. Bxd8
{[%clk 0:04:08]} Rxd8 {[%clk 0:01:48]} 37. Qe4 {[%clk 0:03:33]} Rb8
{[%clk 0:01:50]} 38. Rb1 {[%clk 0:02:27]} Rb6 {[%clk 0:01:39]} 39. Rxb6
{[%clk 0:02:31]} axb6 {[%clk 0:01:45]} 40. Rc6 {[%clk 0:01:06]} Qd7
{[%clk 0:01:31]} 41. Qc4 {[%clk 0:00:57]} Kh7 {[%clk 0:00:58]} 42. h3
{[%clk 0:00:56]} Kg8 {[%clk 0:00:54]} 43. Kh2 {[%clk 0:00:46]} Kh8
{[%clk 0:01:03]} 44. a4 {[%clk 0:00:40]} Kg8 {[%clk 0:00:51]} 45. f4
{[%clk 0:00:26]} Nxf4 {[%clk 0:00:21]} 46. Rxc7 {[%clk 0:00:22]} Qd2
{[%clk 0:00:30]} 47. Qe4 {[%clk 0:00:24]} Nd5 48. Rc8+ {[%clk 0:00:22]} Kf7
{[%clk 0:00:38]} 49. Qf3+ Qf4+ {[%clk 0:00:41]} 50. Qxf4+ {[%clk 0:00:17]} Nxf4
{[%clk 0:00:50]} 51. Rb8 {[%clk 0:00:19]} Nd5 {[%clk 0:00:59]} 52. g4
{[%clk 0:00:21]} Kg6 {[%clk 0:01:07]} 53. Kg3 {[%clk 0:00:29]} h5 54. gxh5+
{[%clk 0:00:18]} Kxh5 {[%clk 0:01:16]} 55. Re8 {[%clk 0:00:25]} Nc3
{[%clk 0:01:12]} 56. Rxe6 {[%clk 0:00:27]} Nxa4 {[%clk 0:01:21]} 57. h4
{[%clk 0:00:13]} g5 {[%clk 0:01:21]} 58. Re8 {[%clk 0:00:13]} gxh4+
{[%clk 0:01:25]} 59. Kf4 {[%clk 0:00:22]} Kg6 {[%clk 0:01:33]} 60. Rh8
{[%clk 0:00:19]} Nc5 {[%clk 0:01:15]} 61. Rxh4 {[%clk 0:00:26]} b5
{[%clk 0:01:24]} 62. Rg4+ {[%clk 0:00:27]} Kf7 {[%clk 0:01:33]} 63. Kf5
{[%clk 0:00:34]} Ne6 {[%clk 0:01:34]} 64. Rb4 {[%clk 0:00:37]} Ng7+
{[%clk 0:01:41]} 65. Ke4 {[%clk 0:00:45]} Ne6 {[%clk 0:00:47]} 66. Rxb5
{[%clk 0:00:52]} Ke8 {[%clk 0:00:53]} 67. Rb1 1-0

[Event "HSG Open 2017"]
[Site "Hilversum"]
[Date "2017.06.24"]
[Round "3.3"]
[White "Van Meegen, Ruud"]
[Black "Wunnink, Michael"]
[Result "1/2-1/2"]
[BlackElo "2205"]
[WhiteElo "2241"]
[LiveChessVersion "1.4.8"]

1. d4 {[%clk 1:50:17]} Nf6 {[%clk 1:50:01]} 2. c4 {[%clk 1:50:17]} e6
{[%clk 1:49:56]} 3. Nf3 {[%clk 1:50:16]} d5 {[%clk 1:49:48]} 4. Nc3
{[%clk 1:50:18]} Bb4 {[%clk 1:49:33]} 5. Bg5 {[%clk 1:49:22]} dxc4
{[%clk 1:48:56]} 6. e4 {[%clk 1:46:33]} c5 {[%clk 1:48:51]} 7. e5
{[%clk 1:43:24]} cxd4 {[%clk 1:47:38]} 8. exf6 {[%clk 1:25:54]} gxf6
{[%clk 1:46:08]} 9. Bxf6 {[%clk 1:25:52]} Qxf6 {[%clk 1:44:45]} 10. Qxd4
{[%clk 1:25:51]} Qxd4 {[%clk 1:38:54]} 11. Nxd4 {[%clk 1:25:54]} Bd7
{[%clk 1:25:22]} 12. Bxc4 {[%clk 1:24:42]} Nc6 {[%clk 1:24:58]} 13. Ndb5
{[%clk 1:16:38]} Ke7 {[%clk 1:13:17]} 14. a3 {[%clk 1:15:45]} a6 {[%clk 0:55:24]}
15. axb4 {[%clk 1:15:38]} axb5 {[%clk 0:55:24]} 16. Rxa8 {[%clk 1:15:33]} Rxa8
{[%clk 0:55:28]} 17. Bxb5 {[%clk 1:15:23]} Ra1+ {[%clk 0:54:56]} 18. Nd1
{[%clk 1:15:26]} Nxb4 {[%clk 0:54:23]} 19. Bxd7 {[%clk 1:15:04]} Kxd7
{[%clk 0:53:49]} 20. Kd2 {[%clk 1:14:23]} Nd5 {[%clk 0:46:55]} 1/2-1/2

[Event "HSG Open 2017"]
[Site "Hilversum"]
[Date "2017.06.24"]
[Round "3.4"]
[White "Paans, Johnny"]
[Black "Wiersma, Eelke"]
[Result "0-1"]
[BlackElo "2350"]
[WhiteElo "1877"]
[LiveChessVersion "1.4.8"]

1. e4 {[%clk 1:50:16]} c5 {[%clk 1:50:11]} 2. c3 {[%clk 1:50:02]} d5
{[%clk 1:50:08]} 3. exd5 {[%clk 1:50:04]} Qxd5 {[%clk 1:50:08]} 4. d4
{[%clk 1:50:07]} Nf6 {[%clk 1:49:30]} 5. Nf3 {[%clk 1:49:08]} e6 {[%clk 1:49:28]}
6. Be2 {[%clk 1:48:02]} Nc6 {[%clk 1:47:54]} 7. O-O {[%clk 1:46:23]} Be7
{[%clk 1:46:31]} 8. Be3 {[%clk 1:45:11]} cxd4 {[%clk 1:44:08]} 9. cxd4
{[%clk 1:45:16]} O-O {[%clk 1:41:47]} 10. Nc3 {[%clk 1:44:14]} Qd8
{[%clk 1:37:03]} 11. a3 {[%clk 1:38:05]} b6 {[%clk 1:34:59]} 12. Bc4
{[%clk 1:21:53]} Bb7 {[%clk 1:32:26]} 13. b4 {[%clk 1:15:13]} Rc8
{[%clk 1:27:43]} 14. Qb3 {[%clk 1:03:19]} Qc7 {[%clk 1:22:22]} 15. Nb5
{[%clk 0:55:10]} Nxd4 {[%clk 1:10:47]} 16. Nfxd4 {[%clk 0:49:17]} Qxc4
{[%clk 1:10:42]} 17. Qxc4 {[%clk 0:46:49]} Rxc4 {[%clk 1:10:44]} 18. Nxa7
{[%clk 0:43:03]} Ra8 {[%clk 1:00:25]} 19. Ndb5 {[%clk 0:33:42]} Nd5
{[%clk 0:59:24]} 20. Rfc1 {[%clk 0:32:29]} Nxe3 {[%clk 0:56:16]} 21. fxe3
{[%clk 0:32:15]} Rxc1+ {[%clk 0:55:05]} 22. Rxc1 {[%clk 0:32:20]} Bg5
{[%clk 0:55:08]} 23. Kf2 {[%clk 0:27:17]} Rd8 {[%clk 0:53:31]} 24. Ke2
{[%clk 0:25:18]} h6 {[%clk 0:49:21]} 25. g3 {[%clk 0:24:46]} Be4 {[%clk 0:48:29]}
26. Nd4 {[%clk 0:13:45]} e5 {[%clk 0:42:58]} 27. Nf3 {[%clk 0:09:57]} Bxf3+
{[%clk 0:42:06]} 28. Kxf3 {[%clk 0:10:02]} Rd3 {[%clk 0:42:10]} 29. Rc8+
{[%clk 0:06:58]} Kh7 {[%clk 0:42:08]} 30. Nb5 {[%clk 0:03:56]} Rxe3+
{[%clk 0:40:40]} 31. Kf2 {[%clk 0:03:45]} Rb3 {[%clk 0:40:01]} 32. Rc6
{[%clk 0:02:20]} f5 {[%clk 0:39:04]} 33. h4 {[%clk 0:01:02]} Be3+
{[%clk 0:38:18]} 34. Ke2 {[%clk 0:01:11]} f4 {[%clk 0:37:24]} 35. gxf4
{[%clk 0:01:09]} exf4 {[%clk 0:37:01]} 36. h5 {[%clk 0:01:08]} Rb2+
{[%clk 0:35:45]} 37. Kf3 {[%clk 0:01:07]} Rh2 {[%clk 0:35:20]} 38. Kg4
{[%clk 0:00:44]} Rg2+ {[%clk 0:35:19]} 39. Kf3 {[%clk 0:00:50]} Rg5
{[%clk 0:34:50]} 40. Nd6 {[%clk 0:00:35]} Rxh5 {[%clk 0:31:29]} 41. Nc4
{[%clk 0:00:43]} Rh3+ {[%clk 0:27:03]} 42. Ke4 {[%clk 0:00:52]} h5
{[%clk 0:26:18]} 43. a4 {[%clk 0:00:36]} h4 {[%clk 0:25:32]} 44. Nxb6
{[%clk 0:00:37]} Bd2 {[%clk 0:21:21]} 45. Nd5 {[%clk 0:00:13]} Rb3
{[%clk 0:20:57]} 46. b5 {[%clk 0:00:16]} h3 {[%clk 0:20:14]} 47. Nxf4
{[%clk 0:00:12]} h2 {[%clk 0:20:08]} 0-1

[Event "HSG Open 2017"]
[Site "Hilversum"]
[Date "2017.06.24"]
[Round "3.5"]
[White "Pruijssers, Roeland"]
[Black "Ratsma, Rosa"]
[Result "0-1"]
[BlackElo "2137"]
[WhiteElo "2502"]
[LiveChessVersion "1.4.8"]

1. c4 {[%clk 1:43:26]} Nf6 {[%clk 1:50:00]} 2. g3 {[%clk 1:43:18]} g6
{[%clk 1:49:59]} 3. Bg2 {[%clk 1:43:20]} Bg7 {[%clk 1:50:04]} 4. Nc3
{[%clk 1:43:22]} O-O {[%clk 1:49:55]} 5. d3 {[%clk 1:43:03]} d6 {[%clk 1:49:49]}
6. Rb1 {[%clk 1:43:04]} a5 {[%clk 1:48:51]} 7. a3 {[%clk 1:43:05]} c6
{[%clk 1:41:49]} 8. e4 {[%clk 1:41:50]} Nfd7 {[%clk 1:38:44]} 9. Nge2
{[%clk 1:38:22]} e5 {[%clk 1:33:34]} 10. O-O {[%clk 1:35:30]} Nc5
{[%clk 1:24:58]} 11. Be3 {[%clk 1:27:32]} Ne6 {[%clk 1:14:01]} 12. d4
{[%clk 1:26:03]} c5 {[%clk 0:59:17]} 13. dxc5 {[%clk 1:13:20]} dxc5
{[%clk 0:59:03]} 14. Qxd8 {[%clk 1:09:28]} Rxd8 {[%clk 0:58:54]} 15. Nd5
{[%clk 1:09:14]} Nc6 {[%clk 0:44:29]} 16. Nec3 {[%clk 1:09:13]} Ncd4
{[%clk 0:42:11]} 17. Nb6 {[%clk 1:01:50]} Ra6 {[%clk 0:37:00]} 18. Ncd5
{[%clk 1:01:51]} Bd7 {[%clk 0:36:21]} 19. Nxd7 {[%clk 1:00:29]} Rxd7
{[%clk 0:36:21]} 20. f4 {[%clk 0:59:53]} f5 {[%clk 0:26:20]} 21. fxe5
{[%clk 0:56:08]} Bxe5 {[%clk 0:26:10]} 22. Rf2 {[%clk 0:56:04]} Rf7
{[%clk 0:18:20]} 23. Rbf1 {[%clk 0:54:25]} Ra8 {[%clk 0:17:19]} 24. Bh3
{[%clk 0:40:41]} Raf8 {[%clk 0:16:12]} 25. Bh6 {[%clk 0:38:25]} Bg7
{[%clk 0:13:55]} 26. exf5 {[%clk 0:38:09]} gxf5 {[%clk 0:12:10]} 27. Bd2
{[%clk 0:28:33]} a4 {[%clk 0:08:13]} 28. Re1 {[%clk 0:27:32]} h6 {[%clk 0:07:21]}
29. Bg2 {[%clk 0:25:36]} Ng5 {[%clk 0:06:41]} 30. Nc3 {[%clk 0:19:55]} Nb3
{[%clk 0:04:48]} 31. Bxg5 {[%clk 0:13:11]} hxg5 {[%clk 0:04:51]} 32. Bd5
{[%clk 0:13:17]} Bd4 {[%clk 0:04:43]} 33. Nxa4 {[%clk 0:08:49]} Kg7
{[%clk 0:04:41]} 34. Bxf7 {[%clk 0:08:54]} Rxf7 {[%clk 0:04:47]} 35. Nb6
{[%clk 0:08:42]} Nd2 {[%clk 0:03:01]} 36. Kg2 {[%clk 0:08:12]} Bxf2
{[%clk 0:03:07]} 37. Kxf2 {[%clk 0:08:18]} Ne4+ {[%clk 0:02:54]} 38. Kg2
{[%clk 0:07:10]} g4 {[%clk 0:02:27]} 39. Rd1 {[%clk 0:05:29]} Kg6
{[%clk 0:02:02]} 40. Nd5 {[%clk 0:05:28]} Kg5 {[%clk 0:01:47]} 41. Nf4
{[%clk 0:05:24]} Re7 {[%clk 0:01:13]} 42. Rd5 {[%clk 0:04:49]} Kf6
{[%clk 0:00:50]} 43. Rd8 {[%clk 0:03:57]} Rh7 {[%clk 0:00:39]} 44. b4
{[%clk 0:03:50]} cxb4 {[%clk 0:00:38]} 45. axb4 {[%clk 0:03:59]} Ke5
{[%clk 0:00:36]} 46. Rd5+ {[%clk 0:03:04]} Kf6 {[%clk 0:00:41]} 47. c5
{[%clk 0:03:12]} Nc3 {[%clk 0:00:29]} 48. Rd3 {[%clk 0:02:34]} Ne4
{[%clk 0:00:30]} 49. Rd8 {[%clk 0:02:27]} Nc3 {[%clk 0:00:27]} 50. h3
{[%clk 0:01:55]} gxh3+ {[%clk 0:00:30]} 51. Nxh3 {[%clk 0:02:03]} Re7
{[%clk 0:00:26]} 52. Nf4 {[%clk 0:02:11]} Rh7 {[%clk 0:00:17]} 53. Kf3
{[%clk 0:02:02]} Ne4 {[%clk 0:00:21]} 54. Rf8+ {[%clk 0:01:29]} Ke5
{[%clk 0:00:25]} 55. Ng6+ {[%clk 0:01:34]} Ke6 {[%clk 0:00:21]} 56. Nh4
{[%clk 0:01:12]} Ng5+ {[%clk 0:00:11]} 57. Kf4 {[%clk 0:00:59]} Nf7
{[%clk 0:00:15]} 58. Nxf5 {[%clk 0:00:57]} Rh1 {[%clk 0:00:22]} 59. Nd4+
{[%clk 0:00:46]} Kf6 {[%clk 0:00:19]} 60. Rb8 {[%clk 0:00:49]} Rd1
{[%clk 0:00:20]} 61. Nf3 {[%clk 0:00:42]} Nd8 {[%clk 0:00:26]} 62. g4
{[%clk 0:00:47]} Ne6+ {[%clk 0:00:18]} 63. Ke3 {[%clk 0:00:53]} Nd8
{[%clk 0:00:19]} 64. b5 {[%clk 0:00:40]} Ke7 {[%clk 0:00:18]} 65. g5
{[%clk 0:00:12]} Rd5 {[%clk 0:00:25]} 66. c6 {[%clk 0:00:00]} bxc6
{[%clk 0:00:25]} 67. b6 0-1

[Event "HSG Open 2017"]
[Site "Hilversum"]
[Date "2017.06.24"]
[Round "3.6"]
[White "Ten Hertog, Hugo"]
[Black "De Boer, Eelke"]
[Result "1-0"]
[BlackElo "2130"]
[WhiteElo "2457"]
[LiveChessVersion "1.4.8"]

1. c4 {[%clk 1:46:24]} Nf6 {[%clk 1:47:45]} 2. Nc3 {[%clk 1:46:23]} g6
{[%clk 1:47:45]} 3. g3 {[%clk 1:46:31]} Bg7 {[%clk 1:47:47]} 4. Bg2
{[%clk 1:46:37]} O-O {[%clk 1:47:45]} 5. e3 {[%clk 1:44:42]} d6 {[%clk 1:45:22]}
6. Nge2 {[%clk 1:44:46]} e5 {[%clk 1:45:03]} 7. O-O {[%clk 1:44:51]} Nbd7
{[%clk 1:41:47]} 8. b4 {[%clk 1:43:39]} a5 {[%clk 1:37:50]} 9. b5
{[%clk 1:43:25]} Nb6 {[%clk 1:36:29]} 10. d3 {[%clk 1:43:07]} e4 {[%clk 1:34:02]}
11. dxe4 {[%clk 1:42:00]} Nxc4 {[%clk 1:34:04]} 12. Nd4 {[%clk 1:41:50]} Nd7
{[%clk 1:30:45]} 13. Qe2 {[%clk 1:35:34]} Ndb6 {[%clk 1:25:27]} 14. Rd1
{[%clk 1:33:40]} Re8 {[%clk 1:22:22]} 15. Nd5 {[%clk 1:28:18]} Bd7
{[%clk 1:16:36]} 16. Nxb6 {[%clk 1:26:34]} Nxb6 {[%clk 1:16:39]} 17. Ba3
{[%clk 1:26:19]} Bxd4 {[%clk 1:05:31]} 18. Rxd4 {[%clk 1:14:04]} Re5
{[%clk 1:05:22]} 19. f4 Rxb5 {[%clk 1:05:09]} 20. Rad1 {[%clk 1:14:01]} Qe8
{[%clk 0:59:16]} 21. e5 {[%clk 1:08:26]} d5 {[%clk 0:58:43]} 22. e4
{[%clk 1:07:10]} c5 {[%clk 0:50:51]} 23. Rxd5 {[%clk 1:06:43]} Nxd5
{[%clk 0:50:53]} 24. exd5 {[%clk 1:06:50]} Ra6 {[%clk 0:47:16]} 25. Bb2
{[%clk 0:57:54]} Rab6 {[%clk 0:44:15]} 26. Bc3 {[%clk 0:57:04]} Rb1
{[%clk 0:43:24]} 27. Rxb1 {[%clk 0:57:03]} Rxb1+ {[%clk 0:43:26]} 28. Kf2
{[%clk 0:57:06]} Qc8 {[%clk 0:31:56]} 29. e6 {[%clk 0:55:42]} Bxe6
{[%clk 0:28:57]} 30. Qe5 {[%clk 0:54:57]} Kf8 {[%clk 0:28:31]} 31. Qg7+
{[%clk 0:24:03]} Ke7 {[%clk 0:27:26]} 32. Bf6+ {[%clk 0:22:47]} Kd6
{[%clk 0:25:13]} 33. dxe6 {[%clk 0:22:44]} c4 {[%clk 0:20:03]} 34. Be5+
{[%clk 0:22:35]} Kc5 {[%clk 0:19:57]} 35. exf7 {[%clk 0:22:36]} 1-0